question bank in electrical engineering. (Record no. 680)
[ view plain ]
| 000 -LEADER | |
|---|---|
| fixed length control field | 00450nam a22001457a 4500 |
| 020 ## - ISBN | |
| International Standard Book Number | 9788189757922 |
| 050 ## - LIBRARY OF CONGRESS CALL NUMBER | |
| Classification Number | TK275 |
| Item Number | .G8 |
| 100 ## - MAIN ENTRY--Author | |
| Personal name | J.B.Gupta |
| 245 ## - TITLE | |
| Title | question bank in electrical engineering. |
| Remainder of title | with more than 16,000 objective type questions &answers for B.E.,A.M.I.E.,I.ETE.,GATF etc. |
| 250 ## - EDITIONSTATEMENT | |
| Edition statement | 4th.ed. |
| 260 ## - PUBLICATION, DISTRIBUTION, ETC.(IMPRINT) | |
| Place of publication, distribution, etc | New delhi,India |
| Name of publisher, distributor, etc | S.k.kataria &Sons. |
| Date of publication, distribution, etc | 2011. |
| 300 ## - PHYSICAL DESCRIPTION | |
| Extent | 767p. |
| 650 ## - SUBJECT--TOPIC | |
| Topical term following geographic name as entry element | electrical engineering |
| 942 ## - ADDED ENTRY ELEMENTS(KOHA) | |
| Koha item type | General circulation |
| Source of classification or shelving scheme | Not for loan | Location (home branch) | Sublocation (holding branch) | Date accessioned | Cost, normal purchase price | Full call number | Barcode | Cost, replacement price | Koha item type | Public note |
|---|---|---|---|---|---|---|---|---|---|---|
| Library of Congress Classification | Main Campus Library | Main Campus Library | 12/08/2014 | 2523.00 | TK 275 .G8 2010 | 2019/024996 | 3023.00 | General circulation | amm | |
| Library of Congress Classification | Main Campus Library | Main Campus Library | 12/08/2014 | 2523.00 | TK 275 .G8 2010 | 2019/024995 | 3023.00 | General circulation | amm |